000 00349nam a2200145Ia 4500
008 230917s9999||||xx |||||||||||||| ||und||
040 _e158183
_aMAIN
041 _aEnglish
082 _a343.0944 B115M
100 _aBabel, Basanti Lal
245 0 _aMotor Vahan kanoon
260 _aJaipur
_bBafna Prakashan
_c1992
300 _av. p.
942 _cBK
999 _c70907
_d70907